| 000 | 00537nam a2200205 4500 | ||
|---|---|---|---|
| 999 |
_c12540 _d12540 |
||
| 003 | OSt | ||
| 005 | 20240202145343.0 | ||
| 008 | 240202b ||||| |||| 00| 0 eng d | ||
| 020 | _a978-81-951985-9-7 | ||
| 040 | _aBMSCA | ||
| 041 | _aeng | ||
| 100 | _aRaj, Mamatha P | ||
| 245 | _aBidar: A Little Known Tale | ||
| 260 |
_aBengaluru _bThe Director, BMS College of Architecture _c2023 |
||
| 700 | _aRoopa Chikkalgi, | ||
| 700 | _aPonnuru Akhil, | ||
| 700 | _aPratiksha Prabhakar, | ||
| 700 | _aRaksha S Hemmige | ||
| 942 | _2ddc | ||